[Event "36th ECC Open 2021"]
[Site "Struga MKD"]
[Date "2021.09.20"]
[Round "3.2"]
[Board "4"]
[White "Ponkratov, Pavel"]
[Black "Tadic, Stefan"]
[Result "1-0"]
[WhiteTitle "GM"]
[BlackTitle "IM"]
[WhiteElo "2657"]
[BlackElo "2339"]
[WhiteTeam "Mednyi Vsadnik"]
[BlackTeam "Prilep"]
[WhiteFideId "4157800"]
[BlackFideId "958980"]
[EventDate "2021.09.18"]
[EventType "team"]

1. d4 Nf6 2. c4 c5 3. d5 b5 4. Nf3 b4 5. a3 bxa3 6. Rxa3 d6 7. Nc3 g6 8. e4 Bg7
9. h3 O-O 10. Bd3 e5 11. Bd2 Nh5 12. O-O Nf4 13. Bc2 h5 14. Re1 a6 15. Na4 Nd7
16. b4 cxb4 17. Bxb4 Qc7 18. Rc3 Nc5 19. Nxc5 dxc5 20. Ba3 Rd8 21. Qc1 Rb8 22.
h4 Bh6 23. Qa1 f6 24. g3 Nh3+ 25. Kg2 g5 26. Bc1 Kh7 27. Rh1 Rg8 28. Ra3 g4 29.
Ne1 Bxc1 30. Qxc1 Rb4 31. Bb1 Rf8 32. Nd3 a5 33. Nxb4 cxb4 34. Ra2 Qc5 35. Qe3
Qxe3 36. fxe3 Ba6 37. Rc1 Rc8 38. c5 1-0

[Event "36th ECC Open 2021"]
[Site "Struga MKD"]
[Date "2021.09.20"]
[Round "3.3"]
[Board "1"]
[White "Harikrishna, Pentala"]
[Black "Cornette, Matthieu"]
[Result "0-1"]
[WhiteTitle "GM"]
[BlackTitle "GM"]
[WhiteElo "2725"]
[BlackElo "2578"]
[WhiteTeam "AVE Novy Bor"]
[BlackTeam "ASNIERES Le Grand Echiquier"]
[WhiteFideId "5007003"]
[BlackFideId "620084"]
[EventDate "2021.09.18"]
[EventType "team"]

1. e4 e5 2. Nf3 Nc6 3. Bc4 Nf6 4. d3 Bc5 5. c3 a6 6. a4 d6 7. Bg5 h6 8. Bh4 Ba7
9. Nbd2 Qe7 10. b4 g5 11. Bg3 Nh5 12. h3 Nd8 13. Bh2 g4 14. hxg4 Bxg4 15. b5 a5
16. Rb1 Ne6 17. Bxe6 Qxe6 18. Nc4 Bc5 19. Qe2 f5 20. b6 fxe4 21. dxe4 c6 22. Qd3
O-O 23. Ncd2 Rf7 24. Qc4 Qg6 25. Bg3 Nxg3 26. fxg3 Be6 27. Qd3 Qxg3+ 28. Kd1
Qxg2 29. Kc2 Kh7 30. Rh5 Rxf3 31. Qxf3 Qxf3 32. Nxf3 Bg4 33. Rf5 Bxf5 34. exf5
Rf8 35. Nd2 Rxf5 36. Ne4 Rf4 37. Nxc5 dxc5 38. Re1 e4 39. Kd2 Kg6 40. Rg1+ Kf6
41. Ke2 Rf3 42. Rg8 Rxc3 43. Rb8 Rb3 44. Rxb7 Ke5 45. Kd2 Kd4 46. Rd7+ Kc4 47.
b7 h5 48. Kc2 Rb4 49. Rh7 Kd4 50. Rd7+ Ke5 51. Rh7 Kd6 52. Kc3 h4 53. Kd2 Ke5
54. Re7+ Kd4 55. Rd7+ Kc4 56. Re7 Kb3 57. Kc1 c4 0-1

[Event "36th ECC Open 2021"]
[Site "Struga MKD"]
[Date "2021.09.20"]
[Round "3.3"]
[Board "2"]
[White "Delchev, Aleksander"]
[Black "Wojtaszek, Radoslaw"]
[Result "1/2-1/2"]
[WhiteTitle "GM"]
[BlackTitle "GM"]
[WhiteElo "2500"]
[BlackElo "2698"]
[WhiteTeam "ASNIERES Le Grand Echiquier"]
[BlackTeam "AVE Novy Bor"]
[WhiteFideId "2900394"]
[BlackFideId "1118358"]
[EventDate "2021.09.18"]
[EventType "team"]

1. d4 Nf6 2. c4 e6 3. g3 d5 4. Bg2 Bb4+ 5. Bd2 Be7 6. Nf3 Nbd7 7. O-O O-O 8. Qc2
c6 9. Rd1 b6 10. b3 a5 11. Bc3 Ba6 12. Nbd2 b5 13. e4 dxc4 14. bxc4 bxc4 15. Bf1
c5 16. Bxc4 cxd4 17. Bxd4 Rc8 18. Qd3 Bb7 19. Rac1 Nc5 20. Qe2 Qc7 21. Bd3 Qb8
22. Bb1 Rfd8 23. e5 Nfd7 24. Qe3 Qa8 25. Re1 h6 26. h4 Na6 27. Nh2 Rxc1 28. Rxc1
Rc8 29. Rd1 Nb4 30. Nhf1 Nc2 31. Qd3 Ba6 32. Nc4 Nf8 33. Qxc2 Rxc4 34. Qd2 Qf3
35. Nh2 Qd5 36. Bb2 Qc6 37. Rc1 Bb7 38. f3 Qb6+ 39. Kg2 Rb4 40. Rc2 Ng6 41. a3
Rb5 42. Bd4 Qd8 43. Rb2 Rd5 44. Rxb7 Rxd4 45. Qc3 Rd1 46. Bxg6 fxg6 47. Kh3 Kf7
48. Ra7 Rd3 49. Qxa5 Qxa5 50. Rxa5 Rxa3 51. Rxa3 Bxa3 1/2-1/2

[Event "36th ECC Open 2021"]
[Site "Struga MKD"]
[Date "2021.09.20"]
[Round "3.3"]
[Board "3"]
[White "Navara, David"]
[Black "Vaisser, Anatoly"]
[Result "1-0"]
[WhiteTitle "GM"]
[BlackTitle "GM"]
[WhiteElo "2676"]
[BlackElo "2494"]
[WhiteTeam "AVE Novy Bor"]
[BlackTeam "ASNIERES Le Grand Echiquier"]
[WhiteFideId "309095"]
[BlackFideId "603252"]
[EventDate "2021.09.18"]
[EventType "team"]

1. d4 Nf6 2. c4 c5 3. d5 b5 4. cxb5 a6 5. bxa6 g6 6. Nc3 Bxa6 7. e4 Bxf1 8. Kxf1
d6 9. Nf3 Nbd7 10. g3 Bg7 11. Kg2 O-O 12. Re1 Nb6 13. a4 Nfd7 14. Bf4 Nc4 15.
Qe2 Ndb6 16. e5 Na5 17. Rad1 Qd7 18. h4 Nxa4 19. Nxa4 Qxa4 20. exd6 exd6 21.
Bxd6 Rfe8 22. Ra1 Rxe2 23. Rxa4 Rxe1 24. Nxe1 Bxb2 25. Bc7 Bc3 26. Nc2 Kf8 27.
d6 Ke8 28. Ne3 Bd2 29. Nd5 c4 30. Nb6 1-0

[Event "36th ECC Open 2021"]
[Site "Struga MKD"]
[Date "2021.09.20"]
[Round "3.3"]
[Board "4"]
[White "Olivier, Pierre"]
[Black "Anton Guijarro, David"]
[Result "0-1"]
[BlackTitle "GM"]
[WhiteElo "2215"]
[BlackElo "2651"]
[WhiteTeam "ASNIERES Le Grand Echiquier"]
[BlackTeam "AVE Novy Bor"]
[WhiteFideId "601829"]
[BlackFideId "2285525"]
[EventDate "2021.09.18"]
[EventType "team"]

1. Nf3 Nf6 2. c4 e6 3. Nc3 d5 4. e3 Bd6 5. b3 O-O 6. Bb2 Re8 7. Rc1 a6 8. d4 b6
9. g3 Bb7 10. cxd5 Nxd5 11. Nxd5 Bxd5 12. Bg2 Bb4+ 13. Bc3 Ba3 14. Ra1 a5 15.
O-O Nd7 16. Qc2 Nf6 17. Ne1 Rc8 18. Bb2 Bxb2 19. Qxb2 c5 20. Rd1 Bxg2 21. Nxg2
Qe7 22. dxc5 Rxc5 23. Qd4 e5 24. Qd6 Qb7 25. Rc1 Ne4 26. Qd3 g6 27. Rxc5 Nxc5
28. Qd6 Ne4 29. Qd3 Ng5 30. Rd1 0-1

[Event "36th ECC Open 2021"]
[Site "Struga MKD"]
[Date "2021.09.20"]
[Round "3.3"]
[Board "5"]
[White "Sasikiran, Krishnan"]
[Black "Kirszenberg, Marc"]
[Result "1-0"]
[WhiteTitle "GM"]
[BlackTitle "CM"]
[WhiteElo "2647"]
[BlackElo "2139"]
[WhiteTeam "AVE Novy Bor"]
[BlackTeam "ASNIERES Le Grand Echiquier"]
[WhiteFideId "5004985"]
[BlackFideId "601594"]
[EventDate "2021.09.18"]
[EventType "team"]

1. e4 c6 2. d4 d5 3. e5 Bf5 4. Nf3 e6 5. Be2 c5 6. O-O Nc6 7. c3 cxd4 8. cxd4
Nge7 9. Nc3 Bg4 10. Nh4 Bxe2 11. Nxe2 Ng6 12. Nxg6 hxg6 13. g3 Bb4 14. Kg2 Qd7
15. a3 Ba5 16. Qd3 Bb6 17. Bg5 Rc8 18. Rac1 O-O 19. h4 Ne7 20. Rxc8 Nxc8 21. h5
gxh5 22. Rh1 g6 23. Nf4 Bd8 24. Bf6 Bxf6 25. exf6 Qd8 26. Nxh5 Nd6 27. Qd2 Nf5
28. g4 1-0

[Event "36th ECC Open 2021"]
[Site "Struga MKD"]
[Date "2021.09.20"]
[Round "3.3"]
[Board "6"]
[White "Moingt, Jean-Claude"]
[Black "Bartel, Mateusz"]
[Result "0-1"]
[WhiteTitle "FM"]
[BlackTitle "GM"]
[WhiteElo "2125"]
[BlackElo "2611"]
[WhiteTeam "ASNIERES Le Grand Echiquier"]
[BlackTeam "AVE Novy Bor"]
[WhiteFideId "601608"]
[BlackFideId "1112635"]
[EventDate "2021.09.18"]
[EventType "team"]

1. e4 c5 2. Nf3 e6 3. c3 Nc6 4. d4 d5 5. exd5 exd5 6. Bb5 Bd6 7. dxc5 Bxc5 8.
O-O Ne7 9. Nbd2 O-O 10. Nb3 Bb6 11. Nfd4 Qd6 12. g3 Ne5 13. Be2 Bh3 14. Re1 N7g6
15. Bf1 Bxf1 16. Rxf1 f5 17. f4 Nc4 18. a4 a6 19. Ra2 Rae8 20. Na1 Bxd4+ 21.
Qxd4 Re2 22. Rf2 Rfe8 23. Nc2 R2e4 24. Qd3 Na5 25. Be3 Qe6 26. Ra1 Nc4 27. Bc1
Nf8 28. Nd4 Re1+ 29. Rf1 Rxf1+ 30. Qxf1 Qb6 31. b3 Ne6 32. Qe2 Nd6 33. a5 Qc5
34. Qd3 Nxd4 35. cxd4 Qb5 36. Qxb5 Nxb5 37. Ba3 Nxd4 38. Rd1 Nc2 39. Bc5 Re1+
40. Rxe1 Nxe1 41. Kf1 Nf3 42. Kg2 Nd2 43. b4 Kf7 44. Bd4 g6 45. Kf2 Ke6 46. Ke2
Ne4 47. Kd3 Kd6 48. Bb6 Kc6 49. Kd4 Nd2 50. Kc3 Nc4 51. Bd4 b6 52. axb6 Nxb6 53.
Bf6 Na8 54. Bg7 Nc7 55. Bf6 Nb5+ 56. Kd3 Nd6 57. Kd4 Ne4 58. Be7 Nd2 59. h3 h5
60. Bf6 Ne4 61. Bh4 Kd6 62. Ke3 Nc3 63. Bd8 Na2 64. Ba5 Kc6 65. Kd4 0-1

[Event "36th ECC Open 2021"]
[Site "Struga MKD"]
[Date "2021.09.20"]
[Round "3.4"]
[Board "1"]
[White "Berkes, Ferenc"]
[Black "Grischuk, Alexander"]
[Result "1/2-1/2"]
[WhiteTitle "GM"]
[BlackTitle "GM"]
[WhiteElo "2671"]
[BlackElo "2775"]
[WhiteTeam "Team XtraCon"]
[BlackTeam "KPRF"]
[WhiteFideId "718572"]
[BlackFideId "4126025"]
[EventDate "2021.09.18"]
[EventType "team"]

1. d4 Nf6 2. Nf3 d5 3. c4 e6 4. g3 Be7 5. Bg2 O-O 6. O-O dxc4 7. Qc2 b5 8. a4
Bb7 9. axb5 a6 10. bxa6 Nxa6 11. Qxc4 Bd5 12. Qd3 Nb4 13. Rxa8 Qxa8 14. Qd1 Na2
15. Nc3 Nxc3 16. bxc3 h6 17. Bf4 c5 18. dxc5 Bxc5 19. c4 Bxc4 20. Ne5 Bd5 21.
Bxd5 Nxd5 22. Bd2 Nf6 23. Nd3 Bd4 24. Ne1 Rd8 25. Nf3 Qe4 26. Be3 Bb6 27. Qb3
Bxe3 28. Qxe3 Qxe3 29. fxe3 Ne4 30. Rc1 Ra8 31. Ne5 f6 32. Nd3 e5 33. Rc4 Nd6
34. Rc6 Ra1+ 35. Kg2 Nf5 36. Kf2 h5 37. Rb6 h4 38. Rb4 h3 39. g4 Nd6 40. Ne1 Kf7 1/2-1/2

[Event "36th ECC Open 2021"]
[Site "Struga MKD"]
[Date "2021.09.20"]
[Round "3.4"]
[Board "2"]
[White "Malakhov, Vladimir"]
[Black "Banusz, Tamas"]
[Result "1-0"]
[WhiteTitle "GM"]
[BlackTitle "GM"]
[WhiteElo "2666"]
[BlackElo "2641"]
[WhiteTeam "KPRF"]
[BlackTeam "Team XtraCon"]
[WhiteFideId "4120787"]
[BlackFideId "722413"]
[EventDate "2021.09.18"]
[EventType "team"]

1. Nf3 d5 2. e3 Nf6 3. c4 e6 4. Nc3 Nbd7 5. b3 b6 6. Bb2 Bb7 7. Rc1 a6 8. cxd5
exd5 9. Ne2 Rc8 10. g3 c5 11. Bg2 b5 12. O-O Bd6 13. d4 c4 14. Nd2 Qb6 15. Nc3
O-O 16. e4 dxe4 17. Ncxe4 Bd5 18. Nxf6+ Nxf6 19. Bxd5 Nxd5 20. bxc4 bxc4 21.
Nxc4 Rxc4 22. Rxc4 Qxb2 23. Rc6 Rd8 24. Rxa6 Be7 25. Qb3 Qe2 26. Qb7 Bf8 27. Ra8
Rxa8 28. Qxa8 Nc3 29. a4 Ne4 30. Kg2 Nd2 31. Rc1 Ne4 32. Rf1 h5 33. Qd5 h4 34.
gxh4 Qg4+ 35. Kh1 Bd6 36. f3 Qh3 37. Qa8+ Bf8 38. Kg1 Ng3 39. Re1 Nf5 40. Re8
Kh7 41. Rxf8 1-0

[Event "36th ECC Open 2021"]
[Site "Struga MKD"]
[Date "2021.09.20"]
[Round "3.4"]
[Board "3"]
[White "Papp, Gabor1"]
[Black "Dreev, Aleksey"]
[Result "1/2-1/2"]
[WhiteTitle "GM"]
[BlackTitle "GM"]
[WhiteElo "2599"]
[BlackElo "2637"]
[WhiteTeam "Team XtraCon"]
[BlackTeam "KPRF"]
[WhiteFideId "718602"]
[BlackFideId "4100107"]
[EventDate "2021.09.18"]
[EventType "team"]

1. e4 c6 2. Nf3 d5 3. d3 dxe4 4. dxe4 Qxd1+ 5. Kxd1 Nd7 6. Nbd2 Ngf6 7. Ne1 Nc5
8. f3 g6 9. a4 Bg7 10. c3 Be6 11. Kc2 Bh6 12. b4 Bxd2 13. Bxd2 Nb3 14. Rb1 Nxd2
15. Kxd2 O-O-O+ 16. Ke3 Ne8 17. Nc2 Nd6 18. Na3 f5 19. Bd3 fxe4 20. Bxe4 Nxe4
21. fxe4 Rd6 22. Rhd1 Rf8 23. a5 Bg8 24. Nc2 Rxd1 25. Rxd1 Bb3 26. Rc1 Bxc2 27.
Rxc2 Kd7 28. Rd2+ Ke6 29. Rd1 g5 30. h3 Rg8 1/2-1/2

[Event "36th ECC Open 2021"]
[Site "Struga MKD"]
[Date "2021.09.20"]
[Round "3.4"]
[Board "4"]
[White "Zvjaginsev, Vadim"]
[Black "Thybo, Jesper Sondergaard"]
[Result "1/2-1/2"]
[WhiteTitle "GM"]
[BlackTitle "GM"]
[WhiteElo "2603"]
[BlackElo "2587"]
[WhiteTeam "KPRF"]
[BlackTeam "Team XtraCon"]
[WhiteFideId "4113403"]
[BlackFideId "1438832"]
[EventDate "2021.09.18"]
[EventType "team"]

1. c4 Nf6 2. Nf3 e6 3. Nc3 d5 4. d4 dxc4 5. e3 a6 6. a4 c5 7. Bxc4 Nc6 8. O-O
Be7 9. Qe2 cxd4 10. Rd1 e5 11. exd4 exd4 12. Nxd4 Nxd4 13. Qe5 Qd6 14. Qxd6 Bxd6
15. Rxd4 Bc5 16. Rd3 Bf5 17. Rf3 Be6 18. Bxe6 fxe6 19. Be3 Bxe3 20. Rxe3 Kf7 21.
Ra3 Rac8 22. Rb3 Rc7 23. g3 Rd8 24. Ne4 Ke7 25. Nxf6 gxf6 26. Rb6 Rd6 27. Reb3
Rxb6 28. Rxb6 f5 29. Kg2 Kf6 30. f4 Rc2+ 31. Kh3 Rc7 32. Kh4 h5 33. h3 Rd7 34.
a5 Rc7 35. Rd6 Rc2 36. Rb6 Rc7 37. Rb3 Rd7 38. Rb4 Kg6 39. Rb6 Kf6 40. Rb3 Rc7
41. Rb6 Rd7 42. b3 Rc7 43. Rb4 Rd7 44. Rb6 Rc7 45. b4 Rd7 46. b5 axb5 47. Rxb5
Rc7 48. Rb6 Rd7 49. Rb1 Kg6 50. Rb5 Rc7 51. g4 hxg4 52. hxg4 fxg4 53. Kxg4 Kf6
54. Kf3 Rc3+ 55. Ke2 Rc4 56. Ke3 1/2-1/2

[Event "36th ECC Open 2021"]
[Site "Struga MKD"]
[Date "2021.09.20"]
[Round "3.4"]
[Board "5"]
[White "Rozentalis, Eduardas"]
[Black "Alekseev, Evgeny"]
[Result "1/2-1/2"]
[WhiteTitle "GM"]
[BlackTitle "GM"]
[WhiteElo "2509"]
[BlackElo "2610"]
[WhiteTeam "Team XtraCon"]
[BlackTeam "KPRF"]
[WhiteFideId "12800023"]
[BlackFideId "4138147"]
[EventDate "2021.09.18"]
[EventType "team"]

1. e4 e6 2. d4 d5 3. Nd2 c5 4. Ngf3 cxd4 5. exd5 Qxd5 6. Bc4 Qd8 7. O-O Nf6 8.
Nb3 Nc6 9. Nbxd4 Nxd4 10. Qxd4 Qxd4 11. Nxd4 Bd7 12. Bf4 Rc8 13. Bb3 Bc5 14.
Rad1 O-O 15. Rfe1 Rfd8 16. c3 Kf8 17. h3 Nh5 18. Bg5 Nf6 19. Bf4 Nh5 20. Bg5 Nf6 1/2-1/2

[Event "36th ECC Open 2021"]
[Site "Struga MKD"]
[Date "2021.09.20"]
[Round "3.5"]
[Board "1"]
[White "Mamedov, Rauf"]
[Black "Mikhalevski, Victor"]
[Result "1/2-1/2"]
[WhiteTitle "GM"]
[BlackTitle "GM"]
[WhiteElo "2654"]
[BlackElo "2573"]
[WhiteTeam "Vugar Gashimov"]
[BlackTeam "BEER SHEVA"]
[WhiteFideId "13401653"]
[BlackFideId "2801914"]
[EventDate "2021.09.18"]
[EventType "team"]

1. e4 e5 2. Nf3 Nc6 3. Bc4 Bc5 4. c3 Nf6 5. d4 exd4 6. cxd4 Bb4+ 7. Nbd2 d5 8.
exd5 Nxd5 9. O-O Bxd2 10. Bxd2 O-O 11. Qb3 Nce7 12. Rfe1 c6 13. Rac1 a5 14. a4
Kh8 15. h3 f6 16. Re2 Qd6 17. Rce1 Bd7 18. Bd3 g5 19. Qc2 h6 20. Qc5 Nc8 21. Bb1
Qxc5 22. dxc5 b6 23. Rc1 bxc5 24. Rxc5 Nd6 25. Nd4 Rfc8 26. Ba2 Nb7 27. Rc1 Rab8
28. Bxd5 cxd5 29. Rxc8+ Rxc8 30. Re7 Nc5 31. b3 Ra8 32. Be3 Rc8 33. Rf7 f5 34.
Nf3 Kg8 35. Re7 d4 36. Bxd4 Bc6 37. Rg7+ Kf8 38. Rh7 Bd5 39. Ne5 Kg8 40. Rxh6
Nxb3 41. Bb2 Rc2 42. Rd6 Bxg2 43. Rg6+ Kh7 44. Kxg2 Rxb2 45. Rb6 Re2 46. Nf3 Nc5
47. Nxg5+ Kg7 48. Rb5 Nd3 49. Rxf5 Kg6 50. Rxa5 Rxf2+ 51. Kg3 Ra2 52. Ne4 Nb2
53. Nc5 Nc4 54. Rb5 Kf5 55. h4 Nd6 56. Rb6 Ne4+ 57. Nxe4 Ra3+ 58. Kg2 Rxa4 59.
Ng3+ Kg4 60. Rg6+ Kxh4 61. Kf3 Rb4 62. Ne4 Kh5 63. Rg1 Rb8 64. Nf6+ Kh6 65. Kf4
Rb4+ 66. Ke5 Rb5+ 67. Nd5 Kh5 68. Ke4 Ra5 69. Nf6+ Kh6 70. Ng8+ Kh5 71. Ne7 Ra4+
72. Ke5 Ra5+ 73. Nd5 Rc5 74. Kd4 Ra5 75. Ke4 Kh6 76. Nf4 Rb5 77. Ne6 Ra5 78. Kf4
Rd5 79. Ng7 Ra5 80. Nf5+ Kh7 81. Rg7+ Kh8 82. Rd7 Kg8 83. Kg5 Ra6 84. Nd6 Ra1
85. Kf6 Rf1+ 86. Nf5 Rf2 87. Rd1 Rf4 88. Rd8+ Kh7 89. Rd3 Kg8 90. Ra3 Rf1 91.
Rh3 Rf4 92. Rg3+ Kf8 93. Ke5 Rf1 94. Ra3 Ke8 95. Ra7 Kd8 96. Nd4 Rd1 97. Rh7 Rd3
98. Ne6+ Ke8 99. Nd4 Kd8 100. Nb5 Re3+ 101. Kd5 Rd3+ 102. Kc6 Ke8 103. Nd6+ Kf8
104. Rd7 Rd1 105. Rd8+ Ke7 106. Re8+ Kf6 107. Rd8 Ke6 108. Nf7 Rxd8 109. Nxd8+
Ke5 1/2-1/2

[Event "36th ECC Open 2021"]
[Site "Struga MKD"]
[Date "2021.09.20"]
[Round "3.5"]
[Board "2"]
[White "Nabaty, Tamir"]
[Black "Shevchenko, Kirill"]
[Result "1-0"]
[WhiteTitle "GM"]
[BlackTitle "GM"]
[WhiteElo "2638"]
[BlackElo "2633"]
[WhiteTeam "BEER SHEVA"]
[BlackTeam "Vugar Gashimov"]
[WhiteFideId "2809052"]
[BlackFideId "14129574"]
[EventDate "2021.09.18"]
[EventType "team"]

1. d4 f5 2. Nc3 Nf6 3. Bg5 d5 4. e3 e6 5. Nf3 Nbd7 6. Bd3 c5 7. O-O a6 8. b3 b5
9. a4 c4 10. Be2 Bb4 11. Na2 Bd6 12. axb5 axb5 13. Nc3 Ba6 14. Rxa6 Rxa6 15.
Nxb5 cxb3 16. c4 Bb8 17. cxd5 exd5 18. Bxf6 Rxf6 19. Nc3 O-O 20. Nxd5 Rh6 21.
Qxb3 Kh8 22. g3 Nf6 23. Nxf6 Qxf6 24. Ra1 Bd6 25. Ra6 Qe7 26. Qd5 Rhf6 27. Bc4
h6 28. h4 Rd8 29. Ra8 Bb8 30. Qb5 Rff8 31. Bd5 Bxg3 32. Rxd8 Rxd8 33. fxg3 Qxe3+
34. Kg2 f4 35. gxf4 Qxf4 36. Be6 Rb8 37. Qf5 Qxf5 38. Bxf5 g5 39. hxg5 hxg5 40.
Kg3 Rb4 41. Kg4 Kg7 42. Kxg5 Rb3 43. Ne5 Rg3+ 44. Bg4 Rg2 45. Kf5 Rd2 46. Nc6
Rd3 47. Ke5 Re3+ 48. Kd6 Kf6 49. d5 Rg3 50. Be6 Rb3 51. Bc8 Rd3 52. Ne5 Rd2 53.
Be6 Ra2 54. Nd7+ Kg6 55. Ke7 Ra7 56. d6 Kg5 57. Bd5 Kf5 58. Kd8 Ra5 59. Nb6 Ke5
60. d7 1-0

[Event "36th ECC Open 2021"]
[Site "Struga MKD"]
[Date "2021.09.20"]
[Round "3.5"]
[Board "4"]
[White "Rodshtein, Maxim"]
[Black "Suleymanli, Aydin"]
[Result "1/2-1/2"]
[WhiteTitle "GM"]
[BlackTitle "GM"]
[WhiteElo "2599"]
[BlackElo "2536"]
[WhiteTeam "BEER SHEVA"]
[BlackTeam "Vugar Gashimov"]
[WhiteFideId "2806851"]
[BlackFideId "13413937"]
[EventDate "2021.09.18"]
[EventType "team"]

1. d4 Nf6 2. c4 e6 3. Nf3 d5 4. g3 dxc4 5. Bg2 a6 6. O-O Nc6 7. e3 Rb8 8. Nfd2
e5 9. Bxc6+ bxc6 10. dxe5 Ng4 11. Nxc4 Be6 12. Nbd2 Bb4 13. b3 h5 14. Qc2 Bxd2
15. Nxd2 Nxe5 16. f4 Qd3 17. Qxd3 Nxd3 18. f5 Bd7 19. Ba3 c5 20. Ne4 Bb5 21.
Rfd1 h4 22. g4 h3 23. Nxc5 Ne5 24. Bb2 Nxg4 25. Rd4 Nf6 26. a4 Bc6 27. Nxa6 Rxb3
28. Ba3 Nd7 29. Nxc7+ Kd8 30. Bd6 Rh5 31. Rg4 Rd3 32. Bf4 Rxf5 33. Nb5 Ne5 34.
Bxe5 Rxe5 35. Rxg7 Rexe3 36. Rxf7 Rd2 37. Rf2 Rd5 38. Rf6 Bd7 39. Kf2 Rb3 40.
Re1 Rb2+ 41. Re2 Rxe2+ 42. Kxe2 Bxb5+ 1/2-1/2

[Event "36th ECC Open 2021"]
[Site "Struga MKD"]
[Date "2021.09.20"]
[Round "3.6"]
[Board "1"]
[White "Sarrau, Jelle"]
[Black "Carlsen, Magnus"]
[Result "0-1"]
[WhiteTitle "FM"]
[BlackTitle "GM"]
[WhiteElo "2374"]
[BlackElo "2855"]
[WhiteTeam "Zuid-Limburg"]
[BlackTeam "Offerspill Chess Club"]
[WhiteFideId "207608"]
[BlackFideId "1503014"]
[EventDate "2021.09.18"]
[EventType "team"]

1. c4 e5 2. g3 Nf6 3. Bg2 h6 4. Nc3 Bb4 5. Nf3 Bxc3 6. dxc3 d6 7. Nd2 Nbd7 8.
Nf1 a5 9. b3 a4 10. Ba3 e4 11. Ne3 b6 12. O-O O-O 13. Qc2 Re8 14. Rfd1 Bb7 15.
b4 Qe7 16. Rd4 Ne5 17. c5 dxc5 18. bxc5 Bc6 19. Nf5 Qf8 20. Qc1 b5 21. Qf4 g5
22. Qc1 Nc4 23. Bb4 Nd5 24. Qc2 Nf6 25. Rf1 Re5 26. Ne3 Nxe3 27. fxe3 Nd5 28.
Qd2 Nxb4 29. cxb4 f5 30. g4 Rae8 31. Qc3 h5 32. gxf5 Qf6 33. a3 Rf8 34. Rdd1 Kg7
35. Qe1 Bd5 36. Qg3 c6 37. h4 g4 38. Rf4 Rfe8 39. Qf2 Kf7 40. Qg3 R8e7 41. Rff1
Ke8 42. Kh2 Kd7 43. Kg1 Kc8 44. Kh2 Kb7 45. Kg1 Rf7 46. Kh2 Qe7 47. f6 Rxf6 48.
Rxf6 Qxf6 49. Rf1 Rf5 50. Rxf5 Qxf5 51. Qd6 Qf7 52. Kg1 Qg7 53. Qd8 Qc7 54. Qf6
Qg3 55. Qe7+ Ka6 56. Qf8 Kb7 57. Qe7+ Qc7 58. Qf8 Qe5 59. Qd8 Qe6 60. Qg5 Qe8
61. Qg7+ Kc8 62. Qh6 Qe5 63. Qf8+ Kd7 64. Qh6 Bf7 65. Qf8 Qa1+ 66. Bf1 Qf6 67.
Bg2 Qe6 68. Qg7 Ke7 69. Qd4 Bg6 70. Qg7+ Ke8 71. Qh8+ Kf7 72. Qb8 Qf6 73. Qc7+
Kf8 74. Qg3 Kg7 75. Kh2 Qe7 76. Kg1 Kh7 77. Kh2 Qd8 78. Kg1 Kg8 79. Kh2 Kf7 80.
Kg1 Ke6 81. Kh2 Qd5 82. Kg1 Qe5 83. Qe1 Bf5 84. Qd2 Qg3 85. Qd8 Qxe3+ 86. Kh1
Qc1+ 87. Kh2 Qf4+ 88. Kh1 g3 89. Qg8+ Kd7 90. Qf7+ Kd8 91. e3 Qxh4+ 0-1

[Event "36th ECC Open 2021"]
[Site "Struga MKD"]
[Date "2021.09.20"]
[Round "3.6"]
[Board "2"]
[White "Tari, Aryan"]
[Black "Suvorov, Alexander"]
[Result "1-0"]
[WhiteTitle "GM"]
[BlackTitle "FM"]
[WhiteElo "2642"]
[BlackElo "2363"]
[WhiteTeam "Offerspill Chess Club"]
[BlackTeam "Zuid-Limburg"]
[WhiteFideId "1510045"]
[BlackFideId "12977063"]
[EventDate "2021.09.18"]
[EventType "team"]

1. e4 c5 2. Nf3 e6 3. d4 cxd4 4. Nxd4 Nc6 5. Nc3 Qc7 6. Be3 a6 7. g4 Nxd4 8.
Qxd4 b5 9. O-O-O Bb7 10. f3 Rc8 11. Qd2 Bb4 12. Bd4 f6 13. g5 Bd6 14. Kb1 Bf4
15. Qg2 Bxg5 16. e5 b4 17. Ne4 Bxe4 18. fxe4 Qc6 19. Bd3 Ne7 20. h4 fxe5 21.
Qxg5 exd4 22. Qxg7 Rg8 23. Qxh7 d6 24. Rdf1 Kd7 25. Rf7 Rge8 26. Rg1 Rc7 27. h5
Qc5 28. h6 Qh5 29. Qg7 Kc6 30. h7 a5 31. Qg5 Qxg5 32. Rxg5 Rh8 33. Rgg7 1-0

[Event "36th ECC Open 2021"]
[Site "Struga MKD"]
[Date "2021.09.20"]
[Round "3.6"]
[Board "3"]
[White "Lenaerts, Lennert"]
[Black "Christiansen, Johan-Sebastian"]
[Result "0-1"]
[WhiteTitle "FM"]
[BlackTitle "GM"]
[WhiteElo "2358"]
[BlackElo "2609"]
[WhiteTeam "Zuid-Limburg"]
[BlackTeam "Offerspill Chess Club"]
[WhiteFideId "211435"]
[BlackFideId "1512668"]
[EventDate "2021.09.18"]
[EventType "team"]

1. d4 Nf6 2. c4 e6 3. Nc3 Bb4 4. g3 O-O 5. Bg2 d6 6. Nf3 Bxc3+ 7. bxc3 Nc6 8.
Qd3 e5 9. Nd2 Re8 10. O-O Qe7 11. e4 b6 12. Ba3 Ba6 13. f4 Qd7 14. Nb3 Ne7 15.
dxe5 dxe5 16. Qxd7 Nxd7 17. Rfd1 Nf8 18. c5 exf4 19. gxf4 Neg6 20. e5 Rac8 21.
Bc1 Nh4 22. Bc6 Re6 23. Bd5 Rd8 24. Ba3 Rg6+ 25. Kf2 Rxd5 26. Rxd5 Rg2+ 27. Ke1
Ne6 28. f5 Re2+ 29. Kd1 Nxf5 30. Bc1 Rxh2 31. Nd4 Nfxd4 32. cxd4 Be2+ 33. Ke1
Bc4 34. Rd7 Bb5 35. cxb6 axb6 36. Re7 Nxd4 37. a4 Nc2+ 38. Kd1 Bc6 39. Bf4 Rh1+
40. Kxc2 Rxa1 41. Rxc7 Be4+ 42. Kb2 Rb1+ 43. Ka2 h5 44. Rc8+ Kh7 45. Rb8 h4 46.
a5 Rf1 0-1

[Event "36th ECC Open 2021"]
[Site "Struga MKD"]
[Date "2021.09.20"]
[Round "3.7"]
[Board "1"]
[White "Indjic, Aleksandar"]
[Black "Heimann, Andreas"]
[Result "1/2-1/2"]
[WhiteTitle "GM"]
[BlackTitle "GM"]
[WhiteElo "2629"]
[BlackElo "2587"]
[WhiteTeam "Sloven Ruma"]
[BlackTeam "Schachgesellschaft Riehen"]
[WhiteFideId "911925"]
[BlackFideId "24624632"]
[EventDate "2021.09.18"]
[EventType "team"]

1. Nf3 d5 2. e3 Nf6 3. c4 e6 4. Nc3 Be7 5. b3 O-O 6. Bb2 c5 7. cxd5 exd5 8. d4
Nc6 9. Be2 Bg4 10. O-O Bxf3 11. Bxf3 cxd4 12. exd4 Bb4 13. Na4 Re8 14. Nc5 b6
15. Nd3 Bd6 16. Rc1 Rc8 17. Re1 Ne4 18. Re2 Nb4 19. Rxc8 Qxc8 20. a3 Nxd3 21.
Qxd3 Nf6 22. g3 Rxe2 23. Bxe2 g6 24. b4 Bf8 25. b5 Ne4 26. a4 Bh6 27. Bf3 Bc1
28. Bxe4 Bxb2 29. Bxd5 Qf5 30. Qxf5 gxf5 1/2-1/2